| 000 | 00423cam a2200169ua 4500 | ||
|---|---|---|---|
| 020 | _a0-582-77507-8 | ||
| 041 |
_aeng _h |
||
| 082 |
_a631.42013 _bAHN/TR |
||
| 100 | _aAhn, Peter Martin . | ||
| 245 |
_aTropical soils and fertilizer use / _cPeter Martin Ahn. _hTextual Documents |
||
| 250 |
_a1 / _b. |
||
| 260 |
_aLondon : _bLongman , _c1993. |
||
| 300 | _a264 ; . | ||
| 504 | _a | ||
| 942 | _cBK | ||
| 999 |
_c9834 _d9834 |
||